All New Brunswick MPs and Federal Ridings - Statistics

General Stats
  • This quiz has been taken 3 times
  • The average score is 18 of 20
Answer Stats
Riding/MP % Correct
Acadie—Bathurst
100%
Beauséjour
100%
David Myles
100%
Dominic LeBlanc
100%
Fredericton—Oromocto
100%
Fundy Royal
100%
Ginette Petitpas Taylor
100%
Guillaume Deschênes-Thériault
100%
Madawaska—Restigouche
100%
Miramichi—Grand Lake
100%
Moncton—Dieppe
100%
Saint John—Kennebecasis
100%
Saint John—St. Croix
100%
Serge Cormier
100%
Tobique—Mactaquac
100%
Wayne Long
100%
Richard Bragdon
67%
John Williamson
33%
Mike Dawson
33%
Rob Moore
33%
No matching quizzes found
Score Distribution
Percent of People with Each Score
Percentile by Number Answered
Your Score History
You have not taken this quiz